Zákon o kolektívnom investovaní sa pri zahraničných podielových listoch obchádza

Zákon č. 385/1999 Z.z. o kolektívnom investovaní nesprávne chápe uvádzanie zahraničných produktov kolektívneho investovania na slovenský trh. Distribúciu zahraničných fondov na slovenský trh vôbec neupravuje. Nerozlišuje sa medzi správou majetku a distribúciou, resp. predajom podielových listov jedn...

Descrizione completa

Salvato in:
Dettagli Bibliografici
Autore principale: Scherhaufer, Roman
Natura: Capitolo di libro
Lingua:slovacco
Soggetti:
Tags: Aggiungi Tag
Nessun Tag, puoi essere il primo ad aggiungerne!!

MARC

LEADER 00000naa a2200000 4500
001 r039750
005 20230921110345.1
041 0 |a slo 
044 |a SK 
245 1 0 |a Zákon o kolektívnom investovaní sa pri zahraničných podielových listoch obchádza  |c Roman Scherhaufer 
520 |a Zákon č. 385/1999 Z.z. o kolektívnom investovaní nesprávne chápe uvádzanie zahraničných produktov kolektívneho investovania na slovenský trh. Distribúciu zahraničných fondov na slovenský trh vôbec neupravuje. Nerozlišuje sa medzi správou majetku a distribúciou, resp. predajom podielových listov jednotlivých fondov. Predaj podielových listov. Štruktúra trhu otvorených podielových fondov. 
610 2 0 |a investovanie kolektívne 
610 2 0 |a listy podielové 
610 2 0 |a fondy podielové 
610 2 0 |a investície zo zahraničia 
610 2 0 |a zákony 
610 2 0 |a Slovensko 
100 1 |a Scherhaufer, Roman